| 000 | 01953nam a2200337 i 4500 | ||
|---|---|---|---|
| 005 | 20220316235532.0 | ||
| 007 | ta | ||
| 008 | 200425s2002 ck a gr 001 0 spa d | ||
| 020 | _a9586823865 | ||
| 040 |
_aCO-BoRNBP _bspa _erda _cCO-BoRNBP |
||
| 041 | 0 | _aspa | |
| 082 | 0 | 4 |
_a925.9 _bS13g _223 |
| 100 | 1 |
_aSchussheim, Victoria _eautora |
|
| 245 | 1 | 3 |
_aEl guardián de los herbarios del rey _bJean Baptiste de Lamarck _cVictoria Schussheim, Eloy Salas |
| 250 | _aPrimera edición | ||
| 264 | 1 |
_aBogotá, Colombia _bAlfaomega _c2002 |
|
| 300 |
_a103 páginas _bilustraciones _c21 cm |
||
| 336 |
_atexto _btxt _2rdacontent |
||
| 337 |
_asin mediación _bn _2rdamedia |
||
| 338 |
_avolumen _bnc _2rdacarrier |
||
| 490 | 0 | _aViajeros del conocimiento | |
| 500 | _aIncluye índice | ||
| 520 | _aNadie duda de que la ciencia es importante para el progreso de la humanidad; lo que casi nunca nos dicen es que también es sumamente divertida. La historia de la investigación científica es tan apasionante como una buena novela de misterio o una película de acción. En este libro damos a conocer la historia y la obra de Jean Baptiste de Lamarck quien, deseoso de entender cómo se transforman las especies animales, y cómo se transmiten de padres a hijos los caracteres adquiridos durante la vida, fue uno de los primeros hombres en dar una respuesta convincente al interrogante acerca del origen de las especies. Queremos que niños y jóvenes puedan acercarse a la obra fundamental de Lamarck; para eso seleccionamos sus fragmentos importantes y los volcamos en un lenguaje claro y comprensible | ||
| 521 | _aRecomendado a partir de los 12 años | ||
| 600 | 1 | 4 |
_aLamarck, Jean Baptiste de Monet de _d1744-1829 _xCrítica e interpretación _9176470 |
| 650 | 1 | 7 |
_aCientíficos _vBiografías _2ARMARC |
| 650 | 1 | 7 |
_aNaturalistas _vBiografías _2ARMARC |
| 650 | 1 | 7 |
_aCientíficos franceses _2ARMARC |
| 700 | 1 |
_aSalas, Eloy _eautora _9176473 |
|
| 942 |
_2ddc _cBK |
||
| 999 |
_c1267 _d1267 |
||